000 00397nam a2200169Ia 4500
001 10838
003 IN-NITTTR
005 20251114233101.0
008 251113s9999||||xx |||||||||||||| ||eng||
040 _beng
040 _cIN-NITTTR
041 _aeng
082 _a823 M441S
100 _aMaugham, Somerset W.
245 0 _aSkeleton in the cupboard. /
_cMaugham, Somerset W.
942 _2ddc
_cBK
999 _c13474
_d13474